000
00321nam a2200121Ia 4500
008
220204s9999 xx 000 0 und d
082
_a
621.317
_b
GOT
100
_a
Gottlieb, Irving
245
0
_a
Basic electronic test procedures
260
_a
England
_b
Foulsham tab
_c
1973
650
_a
Electrical measurement
942
_c
BK
999
_c
23060
_d
23060